000 00652nam a2200289Ia 4500
005 20260324144602.0
008 008 260324s9999 xx 000 0 eng d
020 _a9780429488979
037 _aEBOOK
040 _aCRL
040 _beng
040 _cCRL
041 _2eng
041 _aeng
084 _qCRL
100 _aManny Sternlicht
_91219875
245 0 _aSpecial Education
245 2 _bA Source Book
260 _bTaylor and Francis
260 _c1987
365 _a
365 _b255
856 _uhttp://www.taylorfrancis.com/books/9780429488979
942 _cEBOOK
999 _c1826657
_d1826657